Oceňovanie ako nástroj účtovníctva pri eliminácií rizík a neistôt diplomová práca

Saved in:
Bibliographic Details
Main Author: Králová, Denisa
Corporate Author: Fakulta hospodárskej informatiky EU. Katedra účtovníctva a audítorstva
Other Authors: Szász, Marek
Format: Book
Language:Slovak
Published: Bratislava 2018
Tags: Add Tag
No Tags, Be the first to tag this record!

MARC

LEADER 00000nbm a2200000 4500
001 0243561
005 20181108091758.5
041 0 |a slo 
044 |a SK 
245 1 0 |a Oceňovanie ako nástroj účtovníctva pri eliminácií rizík a neistôt  |b diplomová práca  |c Denisa Králová ; školiteľ: Marek Szász 
264 1 |a Bratislava  |c 2018 
300 |a 61 s. 
100 1 |a Králová, Denisa 
700 1 |a Szász, Marek 
710 2 |a Fakulta hospodárskej informatiky EU. Katedra účtovníctva a audítorstva